Ricostruisci la Carriera del Calciatore - Andrea Petagna - Statistics

Statistiche generali
  • Questo quiz è stato fatto 6 volte
  • Il punteggio medio è 2 su 11
Statistiche sulle risposte
Hint Risposta % Corretto
2020-2022 Napoli
67%
2015-2016 Ascoli
33%
2016-2018 Atalanta
33%
2022-2023 Monza
33%
2018-2020 SPAL
33%
2015 Vicenza
33%
2023- Cagliari
0%
2014-2015 Latina
0%
2012-2013 Milan
0%
2014 Milan
0%
2013-2014 Sampdoria
0%
Nessun quiz corrispondente trovato
Distribuzione punteggi
Percentuale di utenti per punteggio
Percentile per numero di risposta
I tuoi punteggi nel tempo
Non hai fatto questo quiz